Lineární programování /

Hlavní autor: Linda, Bohdan
Korporativní autor: Univerzita Pardubice. Ekonomicko-správní fakulta
Další autoři: Volek, Josef, 1948-
Jazyk: Čeština
Vydáno: Pardubice : Univerzita Pardubice, 2009
Vydání: Vyd. 3.
Témata:
Externí odkaz: Digitalizovaný dokument
Fyzický popis: 139 s. : il. ; 26 cm
Knihy
Uloženo v:
LEADER 01768nam a2200433 a 4500
001 nkc20092024200
003 CZ PrNK
005 20110429101025.0
007 ta
008 091204s2009 xr a e p 000 0 cze
015 |a cnb002024200 
020 |a 978-80-7395-207-5  |q (váz.) 
035 |a (OCoLC)551396363 
040 |a BOA001  |b cze 
072 7 |a 519.1/.8  |x Kombinatorika. Teorie grafů. Matematická statistika. Operační výzkum. Matematické modelování  |2 Konspekt  |9 13 
072 7 |a 37.016  |x Učební osnovy. Vyučovací předměty. Učebnice  |2 Konspekt  |9 22 
080 |a 519.852  |2 MRF 
080 |a (075)  |2 MRF 
100 1 |a Linda, Bohdan  |7 jn20001005135  |4 aut 
245 1 0 |a Lineární programování /  |c Bohdan Linda, Josef Volek 
250 |a Vyd. 3. 
260 |a Pardubice :  |b Univerzita Pardubice,  |c 2009 
300 |a 139 s. :  |b il. ;  |c 26 cm 
500 |a Nad názvem: Univerzita Pardubice, Fakulta ekonomicko-správní 
500 |a 400 výt. 
504 |a Obsahuje bibliografii 
650 0 7 |a lineární programování  |7 ph122356  |2 czenas 
650 0 9 |a linear programming  |2 eczenas 
655 7 |a učebnice  |7 fd133770  |2 czenas 
655 9 |a textbooks  |2 eczenas 
700 1 |a Volek, Josef,  |d 1948-  |7 ola2002142341  |4 aut 
710 2 |a Univerzita Pardubice.  |b Ekonomicko-správní fakulta  |7 kn20010709381 
856 4 1 |u http://www.digitalniknihovna.cz/mzk/uuid/uuid:df1d9c60-7d66-11ee-834d-5ef3fc9bb22f  |y Digitalizovaný dokument  |x NDK 
910 2 |a BOA001  |b 3-1233.934 
990 |a BK 
995 |a 01 
991 |b 201002  |c NOV  |j 519 LIN 
996 6 |b 2610405788  |c 3-1233.934  |l MZK  |r Sklad / do 1 hodiny  |n 3  |p p.v.  |w 001104495  |u 000010  |a 1  |e BOA001  |j MZK50  |s P 
996 7 |b 2610478091  |c 3-1233.934  |l Vol.výběr  |r VV 0p  |n 16  |p kup  |h 519 LIN  |w 001104495  |u 000020  |a 0  |e BOA001  |j MZK50  |s A